Least Populated Countries - Statistics

General Stats
  • This quiz has been taken 17 times
  • The average score is 17 of 30
Answer Stats
# of People Country % Correct
451 Vatican City
100%
21,097 Palau
94%
52,898 Marshall Islands
88%
72,786 Andorra
81%
110,470 Kiribati
81%
37,286 Liechtenstein
81%
37,623 Monaco
81%
191,845 Samoa
81%
31,595 San Marino
81%
54,944 St. Kitts and Nevis
81%
9,893 Tuvalu
81%
55,434 American Samoa
75%
90,900 Antigua and Barbuda
75%
72,341 Dominica
75%
109,360 St. Vincent and the Grenadines
75%
258,883 Vanuatu
75%
186,342 Sao Tome and Principe
69%
91,526 Seychelles
69%
105,586 Tonga
69%
104,044 Federated States of Micronesia
63%
106,349 Grenada
63%
167,543 Guam
25%
103,441 Aruba
19%
65,181 Bermuda
13%
56,295 Greenland
13%
104,170 U.S. Virgin Islands
13%
59,172 Cayman Islands
6%
279,781 French Polynesia
6%
266,000 New Caledonia
6%
54,541 Northern Mariana Islands
0%
No matching quizzes found
Score Distribution
Percent of People with Each Score
Percentile by Number Answered
Your Score History
You have not taken this quiz